Normal view MARC view

Entry Personal Name

Number of records used in: 1

001 - CONTROL NUMBER

  • control field: 53565

003 - CONTROL NUMBER IDENTIFIER

  • control field: OSt

005 - DATE AND TIME OF LATEST TRANSACTION

  • control field: 20250521120812.0

008 - FIXED-LENGTH DATA ELEMENTS

  • fixed length control field: 250521|| aca||aabn | a|a d

040 ## - CATALOGING SOURCE

  • Original cataloging agency: OSt
  • Transcribing agency: OSt

100 ## - HEADING--PERSONAL NAME

  • Personal name: Fleischer, Julia and Wanckel, Camilla

670 ## - SOURCE DATA FOUND

  • Source citation: Work cat.: (OSt)526599: Fleischer, Julia and Wanckel, Camilla, Creativity in policy capacity: Organizational and individual determinants

Powered by Koha